书目信息 |
| 题名: |
公共图书馆服务与创新管理
|
|
| 作者: | 王海河 著 | |
| 分册: | ||
| 出版信息: | 长春 吉林摄影出版社 2022.01 |
|
| 页数: | 148页 | |
| 开本: | 26cm | |
| 丛书名: | ||
| 单 册: | ||
| 中图分类: | G258.2 | |
| 科图分类: | ||
| 主题词: | 公共图书馆--图书馆服务--研究 , 公共图书馆--图书馆管理--研究 | |
| 电子资源: | ||
| ISBN: | 978-7-5498-5310-6 | |
| 000 | 00889nam0 2200241 450 | |
| 001 | 012001002804 | |
| 005 | 20141204093901.0 | |
| 010 | @a978-7-5498-5310-6@dCNY54.00 | |
| 100 | @a20220905d2022 em y0chiy0110 ea | |
| 101 | 0 | @achi |
| 102 | @aCN@b220000 | |
| 105 | @ay z 000yy | |
| 106 | @ar | |
| 200 | 1 | @a公共图书馆服务与创新管理@Agong gong tu shu guan fu wu yu chuang xin guan li@f王海河著 |
| 210 | @a长春@c吉林摄影出版社@d2022.01 | |
| 215 | @a148页@d26cm | |
| 330 | @a本书就公共图书馆服务与创新管理展开了全面论述。从公共图书馆的基本知识入手,对公共图书馆服务体系,公共图书馆读者服务,以及新形势下图书馆服务创新等方面展开详细的叙述,重视公共图书馆服务与创新。 | |
| 606 | 0 | @a公共图书馆@x图书馆服务@x研究 |
| 606 | 0 | @a公共图书馆@x图书馆管理@x研究 |
| 690 | @aG258.2@v5 | |
| 701 | 0 | @a王海河@Awang hai he@4著 |
| 801 | 0 | @aCN@bAHXH@c20221111 |
| 905 | @b1373538-40@dG258.2@e68@f3 | |
| 公共图书馆服务与创新管理/王海河著.-长春:吉林摄影出版社,2022.01 |
| 148页;26cm |
| ISBN 978-7-5498-5310-6:CNY54.00 |
| 本书就公共图书馆服务与创新管理展开了全面论述。从公共图书馆的基本知识入手,对公共图书馆服务体系,公共图书馆读者服务,以及新形势下图书馆服务创新等方面展开详细的叙述,重视公共图书馆服务与创新。 |
| ● |
| 相关链接 |
|
|
|
|
正题名:公共图书馆服务与创新管理
索取号:G258.2/68
 
预约/预借
| 序号 | 登录号 | 条形码 | 馆藏地/架位号 | 状态 | 备注 |
| 1 | 1373538 | 213735387 | 第一样本阅览室/ [索取号:G258.2/68] | 在馆 | |
| 2 | 1373539 | 213735396 | 第四借阅区/ [索取号:G258.2/68] | 在馆 | |
| 3 | 1373540 | 213735403 | 第四借阅区/ [索取号:G258.2/68] | 在馆 |